000 00627nam a22001817a 4500
003 UA-OsUOA
001 17211
007 ta
008 20040217b un ||||| |||| 00| 0 ukr d
100 _aКоморний І.
942 _cSA
040 _aUA-OsUOA
_cUA-OsUOA
_dUA-OsUOA
245 _aАура в Рівному до вподоби новому прокурору : Бліц - інтерв'ю з новим прокурором обл. І.Коморним
300 _aС.6
955 _a0
773 0 _w0
_tВільне слово
_dРівне
_d2004
_g№1/2/1 січ./
650 7 _aКраєзнавча робота
_2UDC
999 _c303379
_d303379